000
00219 a2200097 4500
001
32621
100
_a
Langer, W
245
_a
The mind of Adolpf Hitler
260
_a
London
_b
Secker & Warburg
_c
090
_c
21835
_d
21835
942
_a
NUST-CAE
_c
M
_c
13153
999
_c
267694
_d
267694